Catálogo
 En Linea

Sociología de la vida económica. / (Registro nro. 34683)

Detalles MARC
000 -CABECERA
campo de control de longitud fija 00779nam a2200205 a 4500
001 - NÚMERO DE CONTROL
campo de control 000035192
005 - FECHA Y HORA DE LA ÚLTIMA TRANSACCIÓN
campo de control 20200930074151.0
008 - DATOS DE LONGITUD FIJA--INFORMACIÓN GENERAL
campo de control de longitud fija 111025s1965 mx 000 0 spa d
040 ## - FUENTE DE LA CATALOGACIÓN
Centro catalogador/agencia de origen DO-SdBNP
Lengua de catalogación spa
Centro/agencia transcriptor BNPHU
082 ## - NÚMERO DE LA CLASIFICACIÓN DECIMAL DEWEY
Número de clasificación xxxx
Número de documento/Ítem S638s
100 1# - ENTRADA PRINCIPAL--NOMBRE DE PERSONA
Nombre de persona Smelser, Neil J.
9 (RLIN) 60923
240 10 - TÍTULO UNIFORME
Título uniforme The sociology of economic life
Lenguaje de la obra Español
245 10 - MENCIÓN DE TÍTULO
Título Sociología de la vida económica. /
Mención de responsabilidad, etc. Neil J. Smelser ; traducción al español por el prof. Armando Huacuja E.
260 ## - PUBLICACIÓN, DISTRIBUCIÓN, ETC.
Lugar de publicación, distribución, etc. México :
Nombre del editor, distribuidor, etc. Unión Tipográfica Editorial Hispano Americana,
Fecha de publicación, distribución, etc. 1965.
300 ## - DESCRIPCIÓN FÍSICA
Extensión 246 p. ;
Dimensiones 18 cm.
500 ## - NOTA GENERAL
Nota general Traducido del inglés
504 ## - NOTA DE BIBLIOGRAFÍA, ETC.
Nota de bibliografía, etc. Bibliografía : p.238-240
590 ## - NOTA LOCAL (RLIN)
Nota local Perteneció a la biblioteca personal de Juan Isidro Jimenes Grullón.
700 1# - PUNTO DE ACCESO ADICIONAL--NOMBRE DE PERSONA
Nombre de persona Huacuja E., Armando
Término indicativo de función/relación tr.
9 (RLIN) 60924
Existencias
Estado de retiro Estado de pérdida Restricciones de uso No para préstamo Código de colección Localización permanente Ubicación/localización actual Ubicación en estantería Fecha de adquisición Número de inventario Total de préstamos Signatura topográfica completa Código de barras Fecha visto por última vez Precio válido a partir de Tipo de ítem Koha Nota pública
      Excluido de préstamo Monografías: Libros y Folletos General General En catalogación 25.10.2011 LF1   xxxx S638s 35192-10 25.06.2020 25.06.2020 No se presta Perteneció a la biblioteca personal de Juan Isidro Jimenes Grullón

Con tecnología Koha